| Поле | Название | Значение |
| |
Тип записи |
a |
| |
Библиографический уровень |
m |
| 001 |
Контрольный номер |
de987c473e55490bade2744f03ebf90f |
| 005 |
Дата корректировки |
20161110145149.5 |
| 010 |
Индекс ISBN |
__ |
| a |
ISBN |
978-5-365-00947-9 |
| 200 |
Заглавие и сведения об ответственности |
1_ |
| a |
Заглавие |
Международное право |
| b |
Общее обозначение материала |
Текст |
| e |
Сведения, относящиеся к заглавию |
учебник |
| f |
Первые сведения об ответственности |
под ред.: А. А. Ковалева, С. В. Черниченко |
| 205 |
Сведения об издании |
__ |
| a |
Основные сведения об издании |
3-е изд., испр. |
| 210 |
Выходные данные |
1_ |
| a |
Место издания |
М. |
| c |
Издательство |
Омега-Л |
| d |
Дата издания |
2008 |
| 215 |
Физическое описание |
__ |
| a |
Объем |
832 с. |
| 225 |
Серия |
2_ |
| a |
Серия |
Высшее юридическое образование |
| 330 |
Аннотация |
__ |
| a |
Аннотация |
Рассматриваются основные понятия, институты и отрасли современного международного права, показана их эволюция. Использованы новейшие нормативные материалы и документы внешней политики, акты международных организаций. |
| 606 |
Тематические рубрики |
__ |
| a |
Основная рубрика |
Международное право (международное публичное право) |
| 610 |
Ключевые слова |
0_ |
| a |
Ключевые слова |
международные договоры |
| a |
Ключевые слова |
внутригосударственное право |
| a |
Ключевые слова |
национальная правовая система |
| a |
Ключевые слова |
ответственность |
| a |
Ключевые слова |
права человека |
| a |
Ключевые слова |
международные споры |
| a |
Ключевые слова |
право международной безопасности |
| 686 |
Индексы других классификаций |
__ |
| a |
Классификационный индекс |
67.91 |
| 2 |
Код системы |
rubbk |
| 701 |
Альтернативная интеллектуальная ответственность |
_1 |
| a |
Фамилия |
Ашавский |
| b |
Имя |
Б. М. |
| 701 |
Альтернативная интеллектуальная ответственность |
_1 |
| a |
Фамилия |
Бирюков |
| b |
Имя |
М. М. |
| 701 |
Альтернативная интеллектуальная ответственность |
_1 |
| a |
Фамилия |
Бордунов |
| b |
Имя |
В. Д. |
| 852 |
Данные о местонахождении |
__ |
| i |
Авторский знак |
М 43 |
| j |
Шифр хранения |
67.9 |
| 938 |
Служебная информация |
__ |
| a |
Название организации |
Волгоградский филиал |
| b |
Имя БД |
Каталог_ВКИ |
| c |
Название АИБС |
АИБС МАРК-SQL |